| 000 | 00739nam a22002417a 4500 | ||
|---|---|---|---|
| 008 | 131112b xxu||||| |||| 00| 0 eng d | ||
| 020 | _a81-7024-513-3 | ||
| 024 | _cAvailable | ||
| 037 | _cAvailable | ||
| 040 |
_aMBSTU LIBRARY _dMBSTU LIBRARY |
||
| 082 |
_222 _a363.7 TRC |
||
| 100 | _aTripathi, A.K. | ||
| 245 | _aChanging environmental ideologies, vol-1 | ||
| 260 |
_aNew Delhi _bAshish Publishing House. _c1992 |
||
| 300 |
_a23 cm. _b254 page _f1 _g23 cm. |
||
| 600 | _2Environmental problems. | ||
| 650 | _2Environmental problems. | ||
| 700 | _aTripathi, A.K. | ||
| 270 |
_aNew Delhi _bNew Delhi _dIndia |
||
| 365 |
_b480.00 _d480.00 |
||
| 942 |
_2ddc _cBK |
||
| 999 |
_c822 _d822 |
||